Sports Quiz

Random Sports or Basketball Quiz

NBA 2nd Overall Draft Picks Quiz Stats

 Plays Quiz Updated Nov 13, 2018

Score 0/24 Timer 05:00
8 Plays Today
# Player % Correct
11Kevin Durant
95.2%
5Jason Kidd
93.9%
23Tyson Chandler
83.2%
16Gary Payton
82.7%
24Mike Bibby
81.5%
1LaMarcus Aldridge
80.2%
19Michael Beasley
76.2%
2Jay Williams
68.4%
6Derrick Williams
65.2%
14Marvin Williams
64.7%
9Steve Francis
62.5%
4Alonzo Mourning
61.3%
# Player % Correct
20Isiah Thomas
60.9%
13Jerry West
60.7%
17Evan Turner
57.7%
22Shawn Bradley
56.5%
3Marcus Camby
53.8%
10Bill Russell
53.6%
8Emeka Okafor
52.7%
12Hasheem Thabeet
47.3%
15Keith Van Horn
47.2%
7Rik Smits
45%
21Darko Miličić
44.8%
18Antonio McDyess
33.3%

You're not logged in!

Compare scores with friends on all Sporcle quizzes.
OR
Log In

Show Comments

Extras

Top Quizzes Today


Score Distribution

Your Account Isn't Verified!

In order to create a playlist on Sporcle, you need to verify the email address you used during registration. Go to your Sporcle Settings to finish the process.

Report this User

Report this user for behavior that violates our Community Guidelines.

Details: